Permanent and transitory components in local housing market dynamics (Record no. 109637)

MARC details
000 -LEADER
fixed length control field 01181cad a22002295a 4500
001 - CONTROL NUMBER
control field E147589
008 - FIXED-LENGTH DATA ELEMENTS--GENERAL INFORMATION
fixed length control field 090527s2009 xxk f 000 0 eng d
035 ## - SYSTEM CONTROL NUMBER
System control number (Sirsi) u147589
041 0# - LANGUAGE CODE
Language code of text/sound track or separate title eng
050 04 - LIBRARY OF CONGRESS CALL NUMBER
Classification number 306.1 $2 18
100 1# - MAIN ENTRY--PERSONAL NAME
Personal name White, Michael
245 00 - TITLE STATEMENT
Title Permanent and transitory components in local housing market dynamics
Medium [electronic resource]
260 ## - PUBLICATION, DISTRIBUTION, ETC.
Place of publication, distribution, etc. London
Name of publisher, distributor, etc. RICS
Date of publication, distribution, etc. 2009
490 #0 - SERIES STATEMENT
Series statement RICS Findings in Built and Rural Environments
520 ## - SUMMARY, ETC.
Summary, etc. Looks at the movement of house prices in Aberdeen over a 23 year period to assess the most important economic factors which affect house prices, and how these factors impact on low, medium and high price neighbourhoods. Suggests that not all housing areas within the city behave in the same way, although there are some common trends, and that the gap between the richest and poorest housing market areas within the city appears to be growing.
521 ## - TARGET AUDIENCE NOTE
Target audience note Advanced
590 ## - LOCAL NOTE (RLIN)
Local note KA
651 #4 - SUBJECT ADDED ENTRY--GEOGRAPHIC NAME
Geographic name Aberdeen
690 ## - LOCAL SUBJECT ADDED ENTRY--TOPICAL TERM (OCLC, RLIN)
Topical term or geographic name as entry element PROPERTY-RESIDENTIAL PROPERTY-RESIDENTIAL PROPERTY MARKET
856 40 - ELECTRONIC LOCATION AND ACCESS
Uniform Resource Identifier <a href="https://www.rics.org/site/scripts/download_info.aspx?downloadID=3140">https://www.rics.org/site/scripts/download_info.aspx?downloadID=3140</a>
Public note Broken link - not available
942 ## - ADDED ENTRY ELEMENTS (KOHA)
Suppress in OPAC 0
Holdings
Withdrawn status Lost status Source of classification or shelving scheme Damaged status Not for loan Home library Current library Shelving location Date acquired Total Checkouts Full call number Barcode Date last seen Copy number Price effective from Koha item type
    Dewey Decimal Classification     Virtual Virtual Online 27/05/2009   ONLINE PUBLICATION 147589-2001 06/08/2019 1 06/08/2019 Book